[Event "Quebec-ch"]
[Site "Montreal CAN"]
[Date "1985.06.29"]
[Round "9"]
[White "Hebert, Jean"]
[Black "Barbeau, Sylvain"]
[Result "1-0"]
[WhiteElo "2395"]
[BlackElo "2235"]
[PlyCount "87"]
[GameId "2160767912718093"]
[EventDate "1985.06.17"]
[EventType "tourn"]
[EventRounds "9"]
[EventCountry "CAN"]
[SourceTitle "MCD-ch"]

1. c4 Nf6 2. Nc3 g6 3. e4 d6 4. d4 Bg7 5. Be2 O-O 6. Nf3 e5 7. dxe5 dxe5 8. Qxd8 Rxd8 9. Bg5 Re8 10. O-O-O Na6 11. Ne1 Nc5 12. f3 c6 13. Nc2 a5 14. b3 Nfd7 15. Rd2 Bf8 16. Rhd1 b6 17. Be3 Be7 18. Kb2 Ra7 19. a3 Na6 20. g3 Rb7 21. Bf1 f6 22. c5 Naxc5 23. b4 Rc7 24. Bh3 Kf7 25. bxc5 Nxc5 26. Bxc8 Rexc8 27. Na1 b5 28. Nb3 Nxb3 29. Kxb3 a4+ 30. Ka2 Ke6 31. Rc1 h5 32. Ne2 Rh8 33. Bc5 Bxc5 34. Rxc5 Rhh7 35. Kb2 Rhd7 36. Rxd7 Rxd7 37. Nc1 Kd6 38. Nd3 h4 39. g4 g5 40. Kc2 Rb7 41. Rc3 Rb8 42. h3 Rb6 43. Nc5 b4 44. Nxa4 1-0

[Event "Laurentides"]
[Site "St-Jerome CAN"]
[Date "1985.01.26"]
[Round "2"]
[White "Lacroix, Serge"]
[Black "Hebert, Jean"]
[Result "0-1"]
[WhiteElo "2011"]
[BlackElo "2404"]
[PlyCount "58"]
[GameId "2160767912714392"]
[EventDate "1985.01.26"]
[EventType "swiss"]
[EventRounds "4"]
[EventCountry "CAN"]

1. d4 Nf6 2. c4 c5 3. d5 a6 4. a4 e6 5. Nc3 exd5 6. cxd5 d6 7. e4 g6 8. Nf3 Bg4 9. Qb3 Bxf3 10. Qxb7 Bxg2 11. Bxg2 Nbd7 12. O-O Be7 13. f4 O-O 14. e5 Nh5 15. Ne4 dxe5 16. d6 Bh4 17. fxe5 Nxe5 18. Qd5 Ng4 19. Ra3 Nhf6 20. Nxf6+ Bxf6 21. Qxa8 Bd4+ 22. Kh1 Qh4 23. Qxf8+ Kxf8 24. h3 Nf2+ 25. Rxf2 Qxf2 26. Bh6+ Ke8 27. Ra1 Be5 28. Bc6+ Kd8 29. Bf8 Qh2# 0-1

[Event "Match Hebert-Spraggett +1-0=4"]
[Site "Montreal CAN"]
[Date "1985.??.??"]
[Round "1"]
[White "Hebert, Jean"]
[Black "Spraggett, Kevin"]
[Result "1/2-1/2"]
[WhiteElo "2395"]
[BlackElo "2560"]
[PlyCount "77"]
[GameId "2160767912714465"]
[EventDate "1985.??.??"]
[EventType "match"]
[EventRounds "5"]
[EventCountry "CAN"]
[SourceTitle "EXT 2004"]
[Source "ChessBase"]
[SourceDate "2003.11.25"]
[SourceVersion "1"]
[SourceVersionDate "2003.11.25"]
[SourceQuality "1"]

1. d4 Nf6 2. Nf3 e6 3. Bg5 h6 4. Bxf6 Qxf6 5. Nbd2 d6 6. e4 g6 7. Bd3 Bg7 8. Qe2 Qe7 9. O-O-O Nc6 10. c3 Bd7 11. h4 a5 12. Bb5 a4 13. Nc4 O-O 14. e5 Nxe5 15. Ncxe5 Bxb5 16. Qxb5 dxe5 17. dxe5 a3 18. b3 c6 19. Qb6 Rfd8 20. Rxd8+ Rxd8 21. Rd1 Rd5 22. Qe3 Qd7 23. Rd2 Qc7 24. Rxd5 cxd5 25. Kc2 Bf8 26. Nd4 Bc5 27. Kd2 h5 28. f3 Qe7 29. g3 Qe8 30. Qd3 Bxd4 31. cxd4 Qc6 32. Qc3 Qb5 33. Ke1 Kg7 34. Kf2 Qb6 35. g4 Qd8 36. g5 Qb6 37. Ke2 Qb5+ 38. Qd3 Qa5 39. Kd1 1/2-1/2

[Event "Match Hebert-Spraggett +1-0=4"]
[Site "Montreal CAN"]
[Date "1985.??.??"]
[Round "2"]
[White "Spraggett, Kevin"]
[Black "Hebert, Jean"]
[Result "1/2-1/2"]
[WhiteElo "2560"]
[BlackElo "2395"]
[PlyCount "48"]
[GameId "2160767912714466"]
[EventDate "1985.??.??"]
[EventType "match"]
[EventRounds "5"]
[EventCountry "CAN"]
[SourceTitle "EXT 2004"]
[Source "ChessBase"]
[SourceDate "2003.11.25"]
[SourceVersion "1"]
[SourceVersionDate "2003.11.25"]
[SourceQuality "1"]

1. d4 Nf6 2. Nf3 e6 3. Bg5 c5 4. e3 h6 5. Bh4 cxd4 6. exd4 b6 7. c4 Bb7 8. Nc3 Be7 9. Bd3 Bxf3 10. Qxf3 Nc6 11. Ne2 Bb4+ 12. Kf1 Be7 13. Rd1 Rc8 14. b3 Nb4 15. Bb1 d5 16. Bxf6 Bxf6 17. a3 Nc6 18. cxd5 Qxd5 19. Qxd5 exd5 20. g3 Ne7 21. Kg2 h5 22. h4 Kd7 23. Rd3 Kd6 24. Rhd1 Nc6 1/2-1/2

[Event "Match Hebert-Spraggett +1-0=4"]
[Site "Montreal CAN"]
[Date "1985.??.??"]
[Round "3"]
[White "Hebert, Jean"]
[Black "Spraggett, Kevin"]
[Result "1/2-1/2"]
[WhiteElo "2395"]
[BlackElo "2560"]
[PlyCount "100"]
[GameId "2160767912714467"]
[EventDate "1985.??.??"]
[EventType "match"]
[EventRounds "5"]
[EventCountry "CAN"]
[SourceTitle "EXT 2004"]
[Source "ChessBase"]
[SourceDate "2003.11.25"]
[SourceVersion "1"]
[SourceVersionDate "2003.11.25"]
[SourceQuality "1"]

1. d4 Nf6 2. c4 e6 3. Nf3 b6 4. g3 Bb7 5. Bg2 Bb4+ 6. Bd2 Be7 7. O-O c5 8. Nc3 cxd4 9. Nxd4 Bxg2 10. Kxg2 Qc8 11. Rc1 Qb7+ 12. f3 O-O 13. Bf4 d6 14. Ndb5 Rd8 15. e4 Nc6 16. Qe2 a6 17. Na3 Ne5 18. Rfd1 Nfd7 19. Be3 Rac8 20. f4 Ng6 21. Qf3 Rc7 22. Rd2 Rdc8 23. Rcd1 Bf8 24. e5 d5 25. cxd5 Bxa3 26. dxe6 Qxf3+ 27. Kxf3 Ndxe5+ 28. fxe5 fxe6 29. Bxb6 Rf7+ 30. Ke4 Bxb2 31. Rxb2 Rxc3 32. Rd6 Rf1 33. Rxe6 Re1+ 34. Kd5 Rd3+ 35. Bd4 Red1 36. Rb4 a5 37. Ra4 Kf7 38. Rd6 R3d2 39. Kc5 Rxh2 40. Rxa5 Rc2+ 41. Kb6 Rb1+ 42. Ka6 Ne7 43. Bc5 Rb8 44. Ba7 Rbb2 45. e6+ Ke8 46. Rb6 Nc6 47. Rxb2 Rxb2 48. Ra4 Ke7 49. Bc5+ Kxe6 50. a3 Nb8+ 1/2-1/2

[Event "Match Hebert-Spraggett +1-0=4"]
[Site "Montreal CAN"]
[Date "1985.??.??"]
[Round "4"]
[White "Spraggett, Kevin"]
[Black "Hebert, Jean"]
[Result "0-1"]
[WhiteElo "2560"]
[BlackElo "2395"]
[PlyCount "26"]
[GameId "2160767912714468"]
[EventDate "1985.??.??"]
[EventType "match"]
[EventRounds "5"]
[EventCountry "CAN"]
[SourceTitle "EXT 2004"]
[Source "ChessBase"]
[SourceDate "2003.11.25"]
[SourceVersion "1"]
[SourceVersionDate "2003.11.25"]
[SourceQuality "1"]

1. d4 Nf6 2. c4 e6 3. Nf3 b6 4. Nc3 Bb4 5. Qc2 Bb7 6. a3 Bxc3+ 7. Qxc3 O-O 8. g3 c5 9. dxc5 Ne4 10. Qc2 Nxc5 11. Bg2 Be4 12. Qc3 d5 13. Bg5 d4 0-1

[Event "Match Hebert-Spraggett +1-0=4"]
[Site "Montreal CAN"]
[Date "1985.??.??"]
[Round "5"]
[White "Hebert, Jean"]
[Black "Spraggett, Kevin"]
[Result "1/2-1/2"]
[WhiteElo "2395"]
[BlackElo "2560"]
[PlyCount "89"]
[GameId "2160767912714469"]
[EventDate "1985.??.??"]
[EventType "match"]
[EventRounds "5"]
[EventCountry "CAN"]
[SourceTitle "EXT 2004"]
[Source "ChessBase"]
[SourceDate "2003.11.25"]
[SourceVersion "1"]
[SourceVersionDate "2003.11.25"]
[SourceQuality "1"]

1. d4 Nf6 2. c4 e6 3. Nf3 b6 4. a3 Bb7 5. Nc3 d5 6. cxd5 Nxd5 7. Qc2 c5 8. dxc5 Bxc5 9. Bg5 Qc8 10. Rc1 h6 11. Nxd5 hxg5 12. b4 g4 13. Ne5 Rh5 14. Nd3 Bxf2+ 15. Nxf2 Qxc2 16. Nc7+ Qxc7 17. Rxc7 Bc6 18. Nxg4 a5 19. bxa5 Rhxa5 20. h4 Rc5 21. Rc8+ Ke7 22. Rh3 Rc1+ 23. Kf2 Nd7 24. Rxa8 Bxa8 25. Kg1 f5 26. Nf2 Nf6 27. Rg3 Kf8 28. Rb3 Nd5 29. g3 Rc3 30. Rxc3 Nxc3 31. g4 fxg4 32. Nxg4 Nb1 33. Kf2 Nxa3 34. Ke3 Ke7 35. h5 Nc4+ 36. Kd3 Nd6 37. h6 g5 38. Kd4 Be4 39. Nf2 Bh7 40. e4 g4 41. Nxg4 Bxe4 42. Ne5 Bh7 43. Bd3 Nf5+ 44. Kc3 Bg8 45. Nc4 1/2-1/2

[Event "Beloeil"]
[Site "Beloeil CAN"]
[Date "1984.10.27"]
[Round "2"]
[White "Hebert, Jean"]
[Black "Morin, Louis"]
[Result "1-0"]
[WhiteElo "2399"]
[BlackElo "2005"]
[PlyCount "65"]
[GameId "2160767912714710"]
[EventDate "1984.10.27"]
[EventType "swiss"]
[EventRounds "4"]
[EventCountry "CAN"]
[SourceTitle "hb 2013"]

1. d4 Nf6 2. c4 e6 3. Nf3 d5 4. Nc3 Be7 5. Bg5 Nbd7 6. e3 O-O 7. Qc2 a6 8. c5 c6 9. Bd3 b6 10. cxb6 Qxb6 11. Bxh7+ Nxh7 12. Bxe7 Re8 13. Bh4 e5 14. O-O exd4 15. exd4 Ndf8 16. Na4 Qb7 17. Rfe1 Rxe1+ 18. Rxe1 f6 19. Nc5 Qf7 20. Qa4 Rb8 21. b3 Rb5 22. Bg3 a5 23. Qa3 Ng6 24. Qc1 f5 25. Ng5 Nxg5 26. Qxg5 f4 27. Qd8+ Kh7 28. Qxc8 fxg3 29. hxg3 Rb4 30. Ne6 Qe7 31. f4 Kh6 32. Kf2 Qb7 33. Rh1+ 1-0

[Event "Cafe Campus"]
[Site "Montreal CAN"]
[Date "1984.09.23"]
[Round "4"]
[White "Levtchouk, George"]
[Black "Hebert, Jean"]
[Result "1-0"]
[WhiteElo "2278"]
[BlackElo "2410"]
[PlyCount "137"]
[GameId "2160767912714788"]
[EventDate "1984.09.21"]
[EventType "swiss"]
[EventRounds "5"]
[EventCountry "CAN"]

1. d4 Nf6 2. c4 g6 3. Nc3 Bg7 4. e4 d6 5. f3 O-O 6. Be3 Nc6 7. Nge2 e5 8. d5 Ne7 9. g4 Ne8 10. Qd2 c5 11. h4 f5 12. g5 a6 13. a3 b5 14. cxb5 axb5 15. Nxb5 Nc7 16. Nec3 Nxb5 17. Bxb5 Rf7 18. O-O-O Rb8 19. Rh2 Qa5 20. a4 Qc7 21. Rdh1 f4 22. Bf2 Bf8 23. Be1 h5 24. Nb1 Bd7 25. Na3 Nc8 26. Qc2 Bxb5 27. Nxb5 Qb6 28. Na3 Ra7 29. a5 Qa6 30. Qc4 Qb7 31. Bc3 Be7 32. Qa4 Kf7 33. Qc2 Bd8 34. Nc4 Bc7 35. Kd2 Qb5 36. Qd3 Qa4 37. Rc1 Rb3 38. Qf1 Qd7 39. Qh3 Qxh3 40. Rxh3 Ra6 41. Rhh1 Ke7 42. Ra1 Na7 43. Kc2 Rb7 44. Ra4 Nb5 45. Rha1 Kd7 46. Kd3 Na7 47. b4 cxb4 48. Rxb4 Rxb4 49. Bxb4 Nb5 50. Bc3 Kc8 51. Bb2 Kd7 52. Ra4 Na7 53. Rb4 Kd8 54. Kc2 Nc8 55. Kb3 Rxa5 56. Nxa5 Bxa5 57. Rb7 Be1 58. Rf7 Bxh4 59. Rf6 Bxg5 60. Rxg6 Be7 61. Rh6 h4 62. Bc3 Kd7 63. Be1 Bd8 64. Bxh4 Bb6 65. Rh7+ Ke8 66. Kc4 Bc5 67. Kb5 Na7+ 68. Ka6 Nc8 69. Rc7 1-0

[Event "Montreal op"]
[Site "Montreal CAN"]
[Date "1984.09.02"]
[Round "3"]
[White "Hebert, Jean"]
[Black "Rousseau, Daniel"]
[Result "1-0"]
[WhiteElo "2386"]
[BlackElo "1988"]
[PlyCount "91"]
[GameId "2160767912714841"]
[EventDate "1984.09.01"]
[EventType "swiss"]
[EventRounds "6"]
[EventCountry "CAN"]
[SourceTitle "hb 2011"]

1. d4 Nf6 2. Nf3 d5 3. c4 e6 4. Nc3 Be7 5. Bg5 c6 6. e3 Nbd7 7. cxd5 exd5 8. Bd3 O-O 9. Qc2 Re8 10. O-O Nf8 11. Rab1 Bg4 12. Ne5 Bh5 13. b4 a6 14. Na4 Ng4 15. Bxe7 Qxe7 16. Nxg4 Bxg4 17. Nc5 Rad8 18. a4 Rd6 19. Bf5 Bxf5 20. Qxf5 Ne6 21. Rfc1 g6 22. Qd3 f5 23. b5 axb5 24. axb5 f4 25. Nxe6 Rxe6 26. exf4 Qf6 27. g3 Re4 28. Rd1 Qf5 29. Kg2 Ra8 30. bxc6 bxc6 31. Qc3 Re2 32. Rb2 Qe4+ 33. Kg1 Ra4 34. Rxe2 Qxe2 35. Re1 Qb5 36. Qe3 Ra7 37. Qe8+ Kg7 38. Qe5+ Kg8 39. f5 Qb7 40. Qd6 Qd7 41. Qxd7 Rxd7 42. fxg6 hxg6 43. Re6 Kf7 44. Rxc6 Ra7 45. Rd6 Ra5 46. h4 1-0

[Event "Montreal op"]
[Site "Montreal CAN"]
[Date "1984.09.02"]
[Round "4"]
[White "Hebert, Jean"]
[Black "Spraggett, Kevin"]
[Result "1-0"]
[WhiteElo "2386"]
[BlackElo "2569"]
[PlyCount "137"]
[GameId "2160767912714843"]
[EventDate "1984.09.01"]
[EventType "swiss"]
[EventRounds "6"]
[EventCountry "CAN"]
[SourceTitle "EXT 2022"]
[Source "ChessBase"]
[SourceDate "2021.10.06"]
[SourceVersion "1"]
[SourceVersionDate "2021.10.06"]
[SourceQuality "1"]

1. d4 Nf6 2. Nf3 g6 3. c4 Bg7 4. Nc3 O-O 5. e4 d6 6. Be2 Nbd7 7. O-O e5 8. Re1 c6 9. Bf1 Ng4 10. d5 c5 11. h3 Nh6 12. Ng5 Re8 13. a3 Nf8 14. b4 f6 15. Nf3 b6 16. bxc5 bxc5 17. Rb1 Nf7 18. Bd3 Nd7 19. Qa4 a6 20. Bd2 Bh6 21. Rb2 Bxd2 22. Nxd2 Rf8 23. Reb1 Ra7 24. Nb3 a5 25. Nd2 Kh8 26. Qd1 Nh6 27. Bc2 f5 28. Ba4 Nf6 29. Rb8 Nh5 30. exf5 Nf4 31. f6 Qxf6 32. Nce4 Qe7 33. R1b3 Nf5 34. Kh2 Rb7 35. R3xb7 Bxb7 36. Rxf8+ Qxf8 37. Qb1 Bc8 38. Qb6 Nd3 39. Qxa5 Nd4 40. Qc7 Qf4+ 41. g3 Qf5 42. Qd8+ Kg7 43. Qe7+ Kh6 44. Qh4+ Kg7 45. Qe7+ Kh6 46. g4 Qf4+ 47. Kh1 Nf3 48. g5+ Nxg5 49. Qxg5+ Qxg5 50. Nxg5 Kxg5 51. Ne4+ Kf4 52. Nxd6 Bxh3 53. Kg1 e4 54. Nf7 Ne1 55. Bd1 Bc8 56. a4 Nd3 57. a5 h5 58. Ba4 h4 59. d6 e3 60. fxe3+ Kg3 61. Ng5 Ne5 62. Ne4+ Kf3 63. Nxc5 Nxc4 64. a6 Nb6 65. d7 Nxd7 66. Bxd7 Bxa6 67. Nxa6 g5 68. Nb4 g4 69. Nc2 1-0

[Event "Quebec op"]
[Site "Laval CAN"]
[Date "1984.08.05"]
[Round "1"]
[White "Hebert, Jean"]
[Black "Parent, Francois"]
[Result "1-0"]
[WhiteElo "2378"]
[BlackElo "1843"]
[PlyCount "109"]
[GameId "2160767912714922"]
[EventDate "1984.08.05"]
[EventType "swiss"]
[EventRounds "8"]
[EventCountry "CAN"]
[SourceTitle "EXT 2022"]
[Source "ChessBase"]
[SourceDate "2021.10.06"]
[SourceVersion "1"]
[SourceVersionDate "2021.10.06"]
[SourceQuality "1"]

1. c4 c5 2. Nc3 Nc6 3. Nf3 Nf6 4. d4 cxd4 5. Nxd4 g6 6. e4 d6 7. Be2 Bg7 8. Be3 Bd7 9. O-O Rc8 10. Rc1 O-O 11. f3 Ne5 12. b3 a6 13. Qd2 Re8 14. Rfd1 Qa5 15. h3 h5 16. Bg5 Nc6 17. Be3 Kh7 18. Nxc6 Bxc6 19. g4 hxg4 20. hxg4 Rh8 21. Kg2 Kg8 22. Nd5 Qxd2 23. Bxd2 Kf8 24. Bg5 Bxd5 25. cxd5 Rxc1 26. Rxc1 Ne8 27. Bf4 Be5 28. Bg3 Kg7 29. f4 Bd4 30. Rc4 Bc5 31. Be1 Nf6 32. g5 Nh5 33. Bxh5 Rxh5 34. b4 b5 35. Rc2 Be3 36. Bg3 Rh8 37. Rc7 Bd2 38. a3 a5 39. bxa5 Ra8 40. Rxe7 Rxa5 41. Rd7 Ra4 42. e5 Bxf4 43. e6 Bxg3 44. Rxf7+ Kg8 45. Kxg3 Rxa3+ 46. Kf4 Ra1 47. Rb7 Rf1+ 48. Kg4 Rg1+ 49. Kh4 Rh1+ 50. Kg3 Rg1+ 51. Kf2 Rxg5 52. Rb8+ Kg7 53. e7 Kf6 54. e8=Q Rf5+ 55. Ke3 1-0

[Event "Quebec op"]
[Site "Laval CAN"]
[Date "1984.08.06"]
[Round "2"]
[White "Keesal, Sheldon"]
[Black "Hebert, Jean"]
[Result "0-1"]
[WhiteElo "1944"]
[BlackElo "2378"]
[PlyCount "98"]
[GameId "2160767912714932"]
[EventDate "1984.08.05"]
[EventType "swiss"]
[EventRounds "8"]
[EventCountry "CAN"]

1. d4 Nf6 2. Bg5 Ne4 3. Bh4 g5 4. f3 gxh4 5. fxe4 c5 6. e3 Qb6 7. Nc3 Nc6 8. Nd5 Qd8 9. c3 e6 10. Nf4 Bh6 11. dxc5 Qg5 12. Nd3 Qxe3+ 13. Qe2 Qxe2+ 14. Bxe2 Rg8 15. Kf2 Bg5 16. Nf3 Be7 17. b4 b6 18. cxb6 axb6 19. a4 Bb7 20. Rhb1 Kd8 21. a5 bxa5 22. b5 Nb8 23. Nd2 d6 24. Bf3 Nd7 25. Nc4 a4 26. Ra2 Rg5 27. Ne3 Nc5 28. Nxc5 Rxc5 29. c4 Bg5 30. Rb4 a3 31. Nc2 Bc1 32. Nd4 Bb2 33. Nc2 Bc3 34. Rb3 Rxc4 35. Raxa3 Rxa3 36. Nxa3 Rc5 37. Ke3 Be5 38. h3 Kc7 39. Kd3 d5 40. exd5 exd5 41. Nc2 Kb6 42. Nd4 Bc8 43. Bh5 Rc4 44. Ne2 Bf5+ 45. Kd2 d4 46. Bf3 Rc2+ 47. Kd1 d3 48. Nc1 Bf4 49. Rb1 Rf2 0-1

[Event "Quebec op"]
[Site "Laval CAN"]
[Date "1984.08.08"]
[Round "4"]
[White "Spraggett, Kevin"]
[Black "Hebert, Jean"]
[Result "1-0"]
[WhiteElo "2572"]
[BlackElo "2378"]
[PlyCount "125"]
[GameId "2160767912714956"]
[EventDate "1984.08.05"]
[EventType "swiss"]
[EventRounds "8"]
[EventCountry "CAN"]
[SourceTitle "EXT 2022"]
[Source "ChessBase"]
[SourceDate "2021.10.06"]
[SourceVersion "1"]
[SourceVersionDate "2021.10.06"]
[SourceQuality "1"]

1. c4 c5 2. Nf3 Nf6 3. Nc3 Nc6 4. e3 e6 5. d4 d5 6. cxd5 exd5 7. Be2 cxd4 8. Nxd4 Bc5 9. O-O O-O 10. a3 Re8 11. Nf3 a6 12. b4 Ba7 13. b5 axb5 14. Nxb5 Bb8 15. Bb2 Ne4 16. Rc1 Bg4 17. h3 Bh5 18. Nd2 Bg6 19. Nf3 Bh5 20. Nd2 Bg6 21. Nb3 Ne7 22. N3d4 Nd6 23. Qb3 Nxb5 24. Bxb5 Qd6 25. f4 Rd8 26. Bd3 Bxd3 27. Qxd3 Qg6 28. Qc3 Bd6 29. Rf3 h5 30. Kh2 Rac8 31. Qa5 b6 32. Rxc8 Rxc8 33. Qb5 h4 34. Qd7 Bc5 35. Qg4 Bxd4 36. Bxd4 Qxg4 37. hxg4 Ra8 38. Bxb6 Nc6 39. Bc5 Ra5 40. Bd6 d4 41. exd4 Nxd4 42. Rd3 Ne6 43. Kh3 Ra4 44. f5 Nf4+ 45. Bxf4 Rxf4 46. Rd8+ Kh7 47. Rd7 f6 48. Kxh4 Ra4 49. Kh5 Ra5 50. g3 Ra6 51. g5 fxg5 52. g4 Kg8 53. Rd3 Kf7 54. Kxg5 Ra4 55. Rb3 Ke7 56. Kh5 Kf6 57. Rb6+ Kf7 58. Rb7+ Kf6 59. Rb6+ Kf7 60. g5 Rxa3 61. Rb7+ Kf8 62. Kg6 Ra6+ 63. f6 1-0

[Event "Quebec op"]
[Site "Laval CAN"]
[Date "1984.08.09"]
[Round "5"]
[White "Hebert, Jean"]
[Black "Berube, Richard"]
[Result "1-0"]
[WhiteElo "2378"]
[BlackElo "2225"]
[PlyCount "43"]
[GameId "2160767912714964"]
[EventDate "1984.08.05"]
[EventType "swiss"]
[EventRounds "8"]
[EventCountry "CAN"]
[SourceTitle "EXT 2022"]
[Source "ChessBase"]
[SourceDate "2021.10.06"]
[SourceVersion "1"]
[SourceVersionDate "2021.10.06"]
[SourceQuality "1"]

1. c4 Nf6 2. Nc3 c5 3. Nf3 e6 4. e3 Nc6 5. d4 d5 6. a3 a6 7. dxc5 Bxc5 8. b4 Be7 9. cxd5 exd5 10. Bb2 O-O 11. Be2 Be6 12. O-O Rc8 13. Rc1 b5 14. Nd4 Qd7 15. Ncxb5 Ne5 16. Nxe6 Qxe6 17. Nd4 Qb6 18. Nf5 Qe6 19. Nxe7+ Qxe7 20. Rxc8 Rxc8 21. Bxa6 Rd8 22. Qd4 1-0

[Event "Quebec op"]
[Site "Laval CAN"]
[Date "1984.08.10"]
[Round "6"]
[White "Billard, Michel"]
[Black "Hebert, Jean"]
[Result "0-1"]
[WhiteElo "2053"]
[BlackElo "2376"]
[PlyCount "86"]
[GameId "2160767912714968"]
[EventDate "1984.08.05"]
[EventType "swiss"]
[EventRounds "8"]
[EventCountry "CAN"]
[SourceTitle "EXT 2022"]
[Source "ChessBase"]
[SourceDate "2021.10.06"]
[SourceVersion "1"]
[SourceVersionDate "2021.10.06"]
[SourceQuality "1"]

1. f4 d5 2. Nf3 g6 3. e3 Bg7 4. d4 c5 5. c3 Nf6 6. Bd3 O-O 7. O-O b6 8. Qe2 Nbd7 9. Bd2 Bb7 10. Be1 Ne4 11. Bh4 f6 12. Nbd2 Kh8 13. Kh1 Qc7 14. Ng1 Nxd2 15. Qxd2 e5 16. fxe5 fxe5 17. Nh3 Nf6 18. Bxf6 Bxf6 19. Rf2 cxd4 20. exd4 exd4 21. cxd4 Qg7 22. Re2 Rae8 23. Rae1 Rxe2 24. Qxe2 Bxd4 25. Ng5 Bc8 26. Ne6 Bxe6 27. Qxe6 Qf7 28. Qxf7 Rxf7 29. b3 Rf2 30. a4 Kg7 31. h3 Kf6 32. Bb5 h5 33. Kh2 h4 34. Bc6 Be5+ 35. Kg1 Rd2 36. Kf1 Bg3 37. Rc1 Ke5 38. b4 d4 39. Be8 d3 40. Bxg6 Rf2+ 41. Kg1 d2 42. Rd1 Re2 43. Rf1 Bf2+ 0-1

[Event "Quebec op"]
[Site "Laval CAN"]
[Date "1984.08.11"]
[Round "7"]
[White "Hebert, Jean"]
[Black "Ginsburg, Mark"]
[Result "1/2-1/2"]
[WhiteElo "2378"]
[BlackElo "2388"]
[PlyCount "24"]
[GameId "2160767912714982"]
[EventDate "1984.08.05"]
[EventType "swiss"]
[EventRounds "8"]
[EventCountry "CAN"]
[SourceTitle "EXT 2022"]
[Source "ChessBase"]
[SourceDate "2021.10.06"]
[SourceVersion "1"]
[SourceVersionDate "2021.10.06"]
[SourceQuality "1"]

1. Nf3 c5 2. c4 Nf6 3. Nc3 e6 4. e3 b6 5. d4 cxd4 6. exd4 Bb7 7. Bg5 Be7 8. Bd3 d6 9. O-O Nbd7 10. Rc1 O-O 11. b4 e5 12. Bxf6 Nxf6 1/2-1/2

[Event "Quebec op"]
[Site "Laval CAN"]
[Date "1984.08.12"]
[Round "8"]
[White "Ljubojevic, Ljubomir"]
[Black "Hebert, Jean"]
[Result "1/2-1/2"]
[WhiteElo "2610"]
[BlackElo "2378"]
[PlyCount "56"]
[GameId "2160767912714996"]
[EventDate "1984.08.05"]
[EventType "swiss"]
[EventRounds "8"]
[EventCountry "CAN"]
[SourceTitle "EXT 2022"]
[Source "ChessBase"]
[SourceDate "2021.10.06"]
[SourceVersion "1"]
[SourceVersionDate "2021.10.06"]
[SourceQuality "1"]

1. e4 c5 2. Nf3 e6 3. d4 cxd4 4. Nxd4 Nf6 5. Nc3 d6 6. g4 h6 7. g5 hxg5 8. Bxg5 Nc6 9. Qd2 Qb6 10. Nb3 Ne5 11. Qe2 a6 12. O-O-O Bd7 13. f4 Ng6 14. h4 Nh5 15. f5 Ne5 16. Rh3 Nf6 17. Nd4 Be7 18. Rg3 Nh5 19. Rg1 Bxg5+ 20. Rxg5 g6 21. Qd2 O-O-O 22. Be2 Nf6 23. fxg6 fxg6 24. Nf3 Bc6 25. Nd4 Bd7 26. Rgg1 Rdf8 27. Rgf1 Ne8 28. Rxf8 Rxf8 1/2-1/2

[Event "Toronto int."]
[Site "Toronto CAN"]
[Date "1984.07.21"]
[Round "1"]
[White "Kreckler, Warren"]
[Black "Hebert, Jean"]
[Result "0-1"]
[WhiteElo "2178"]
[BlackElo "2424"]
[PlyCount "54"]
[GameId "2160767912715020"]
[EventDate "1984.07.21"]
[EventType "swiss"]
[EventRounds "10"]
[EventCountry "CAN"]
[SourceTitle "hb 2009.08"]

1. d4 Nf6 2. Nf3 c5 3. c4 e6 4. g3 cxd4 5. Nxd4 d5 6. Bg2 e5 7. Nf3 d4 8. O-O Nc6 9. e3 Bc5 10. exd4 exd4 11. Re1+ Be6 12. Ng5 O-O 13. Nxe6 fxe6 14. Nd2 e5 15. Ne4 Nxe4 16. Bxe4 Qf6 17. Rf1 Rad8 18. a3 d3 19. Bd5+ Rxd5 20. cxd5 Nd4 21. Qxd3 Nf3+ 22. Kh1 Qf7 23. d6 Qh5 24. h4 Qg4 25. Qd5+ Kh8 26. Kg2 Nxh4+ 27. Kh2 Nf3+ 0-1

[Event "Toronto int."]
[Site "Toronto CAN"]
[Date "1984.07.27"]
[Round "8"]
[White "Hebert, Jean"]
[Black "Dzera, Victor"]
[Result "1-0"]
[WhiteElo "2424"]
[BlackElo "2181"]
[PlyCount "55"]
[GameId "2160767912780646"]
[EventDate "1984.07.21"]
[EventType "swiss"]
[EventRounds "10"]
[EventCountry "CAN"]
[SourceTitle "hb 2009.08"]

1. d4 Nf6 2. Nf3 e6 3. Bg5 c5 4. e3 Qb6 5. Nbd2 d5 6. Rb1 Nc6 7. c3 Be7 8. Bd3 Bd7 9. O-O h6 10. Bf4 g5 11. Bg3 O-O-O 12. b4 c4 13. Bc2 Nh5 14. b5 Na5 15. Ne5 Nxg3 16. fxg3 f5 17. g4 Bd6 18. Nxd7 Rxd7 19. gxf5 e5 20. f6 e4 21. Qh5 Bf8 22. Bd1 Kd8 23. Bg4 Rd6 24. Rf5 Rd7 25. Re5 Bd6 26. Rxd5 Qc7 27. Bxd7 Qxd7 28. Nxe4 1-0

[Event "Toronto int."]
[Site "Toronto CAN"]
[Date "1984.07.29"]
[Round "10"]
[White "Hebert, Jean"]
[Black "Ivanovic, Bozidar"]
[Result "1-0"]
[WhiteElo "2404"]
[BlackElo "2455"]
[PlyCount "104"]
[GameId "2160767912780674"]
[EventDate "1984.07.21"]
[EventType "swiss"]
[EventRounds "10"]
[EventCountry "CAN"]
[SourceTitle "EXT 2022"]
[Source "ChessBase"]
[SourceDate "2021.10.06"]
[SourceVersion "1"]
[SourceVersionDate "2021.10.06"]
[SourceQuality "1"]

1. d4 c5 2. d5 e5 3. e4 d6 4. c4 Be7 5. Nc3 Bg5 6. Bxg5 Qxg5 7. Nf3 Qe7 8. g3 Nf6 9. Nh4 Na6 10. a3 Nc7 11. b4 b6 12. bxc5 bxc5 13. Qa4+ Bd7 14. Qa5 Qd8 15. Bd3 O-O 16. O-O Nfe8 17. Rab1 g6 18. Ng2 f5 19. exf5 Bxf5 20. Bxf5 gxf5 21. Rb7 a6 22. f4 e4 23. Nd1 Rf7 24. Qb6 Qd7 25. Qb2 Ng7 26. Nde3 Raf8 27. Rb1 Nge8 28. Qb6 Rf6 29. Qxa6 Qg7 30. Qa5 Rh6 31. Qd2 Rh3 32. Qb2 Qg6 33. Qf2 Rf7 34. Kh1 Rg7 35. Rb8 h6 36. Nh4 Qxg3 37. Qxg3 Rgxg3 38. Nexf5 Rxa3 39. Rg1+ Kf8 40. Re1 Rhc3 41. Nxd6 Ra2 42. Nxe4 Rcc2 43. Nf3 Ra8 44. Rxa8 Nxa8 45. d6 Nb6 46. Ne5 Ng7 47. Rb1 Ne6 48. Rxb6 Rc1+ 49. Kg2 Nxf4+ 50. Kg3 Ne2+ 51. Kf2 Rc2 52. Rb8+ Kg7 1-0

[Event "Quebec-ch"]
[Site "Montreal CAN"]
[Date "1984.05.30"]
[Round "1"]
[White "Dupuis, Stephane"]
[Black "Hebert, Jean"]
[Result "0-1"]
[WhiteElo "2107"]
[BlackElo "2382"]
[PlyCount "44"]
[GameId "2160767912780764"]
[EventDate "1984.05.30"]
[EventType "tourn"]
[EventRounds "10"]
[EventCountry "CAN"]

1. d4 Nf6 2. c4 e6 3. Nf3 Bb4+ 4. Nbd2 b6 5. e3 Bb7 6. Bd3 O-O 7. O-O d5 8. cxd5 exd5 9. Ne5 Bd6 10. f4 c5 11. Qf3 cxd4 12. exd4 Nc6 13. Qh3 Nxd4 14. Nd7 Re8 15. Nxf6+ Qxf6 16. Qxh7+ Kf8 17. Qh8+ Ke7 18. Qh5 Rh8 19. Re1+ Ne6 20. Qg4 Qd4+ 21. Kh1 Rxh2+ 22. Kxh2 Bxf4+ 0-1